000 01013nam a2200301Ia 4500
005 20211111074253.0
008 130821s2003 sp a gr spa
020 _a8448606604
040 _aCo-BoUCM
_bspa
041 0 0 _aspa
060 _aWB 460
_25
100 1 _aGarrison, Susan J.
_9162840
245 1 0 _aManual de medicina física y rehabilitación
_cSusan J. Garrison; traducción de Carmen Valledor Martínez
250 _a2a. Ed.
260 _aMadrid (España)
_bMcGraw-Hill
_c2003
300 _a396 páginas
_bilustraciones, cuadros, tablas
650 0 4 _aAmputaciones
_98929
650 0 4 _aArtritis
_99588
650 0 4 _aGeriatría
_916395
650 0 4 _aMedicina física
_919157
650 0 4 _aOsteoporosis
_920937
650 0 4 _aPediatría
_921221
650 0 4 _aRehabilitación
_9361
650 0 4 _aSillas de ruedas
_924407
700 1 _aValledor Martínez, Carmen
_etrad.
_9162841
765 1 0 _aHandbook of physical medicine and rehabilitation.
942 _cLIBRO
_a15
_e2
_mG242m
_2NLM
_hWB 460
_n0
999 _c50081
_d50081